000 00993mam a22003254a 4500
001 3409814
003 OSt
005 20211125120443.0
008 020826s2003 nyua b 001 0 eng
010 _a 2002032391
020 _a0471073237 (cloth : alk. paper)
035 _a(OCoLC)ocm50518808
038 _akhadija
040 _aDLC
_cDLC
_dC#P
042 _apcc
049 _aZCUA
050 0 0 _aHD69.P75
_bM47 2003
082 0 0 _a658.404
_221
_b MER
100 1 _aMeredith, Jack R.
_985144
245 1 0 _aProject Management :
_bA Managerial Approach /
_cJack R. Meredith, Samuel J. Mantel, Jr.
250 _a5th ed.
260 _aNew York :
_bJ. Wiley,
_cc2003.
300 _axiv, 690 p. :
_bill. ;
_c25 cm. +
_e1 CD-ROM (4 3/4 in.)
504 _aIncludes bibliographical references and indexes.
538 _aSystem requirements: Microsoft Project Server 2002.
563 _aHB
650 0 _aProject management.
_985145
700 1 _aMantel, Samuel J.
_985146
942 _2ddc
_cBK
999 _c31711
_d31711